| 000 | 00914nam a22001697a 4500 | ||
|---|---|---|---|
| 008 | 230428s2023 xxk|||||o||||o00| 0 eng d | ||
| 041 | _aeng | ||
| 245 | _aAluminium composite material cladding | ||
| 260 |
_bDepartment for Levelling Up, Housing and Communities, _cContinuously updated |
||
| 520 | _aInformation and advice for building owners, landlords and leaseholders where aluminium composite cladding is present on their building. This resource is continually updated. An update in April 2023 updated the section on use of information collected on buildings with funding in place to remove ACM cladding systems. | ||
| 650 | _aCLADDING | ||
| 651 | _aUnited Kingdom | ||
| 690 |
_96223 _aBuilding materials & defects |
||
| 710 | _aDepartment for Levelling Up, Housing and Communities | ||
| 856 |
_uhttps://www.gov.uk/guidance/aluminium-composite-material-cladding _zAvailable on GOV.uk |
||
| 942 | _n0 | ||
| 999 |
_c121477 _d121477 |
||